| 000 | 01651nam a22001577a 4500 | ||
|---|---|---|---|
| 041 | _aukr | ||
| 080 | _a09 | ||
| 090 | _bКОВ | ||
| 100 | _aКовальчук Я. В. | ||
| 245 | _aВикористання семантичних синонімів у методиці складаня семантичних карт на старшому етапі навчання | ||
| 260 |
_aОстрог _bКАФ _c2003 |
||
| 300 | _a52 | ||
| 520 |
_aРозділ 1. Методика використання семантичних синонімів у складанні семантичних карт.
1.1. Явище синонімії в мові.
1.2. Поняття та характеристика семантичних синонімів. Синонімічні ряди.
1.3. Семантичні поля.
Розділ 2. Методика складання семантичних карт.
2.1. Навчальна техніка складання семантичних карт як ефективний спосіб навчання іноземної мови.
2.2. Алгоритм складання семантичних карт.
Розділ 3. Система вправ на використання семантичних синонімів у складанні семантичних карт.
3.1. Відбір ключової інформації.
3.2. Організація ключової інформації в семантичну карту.
3.3. Повторення опрацьованого матеріалу. _0методика, семантика, синонім |
||
| 650 | _aResearch Papers | ||
| 999 |
_c281876 _d281876 |
||
| 942 | _cBK | ||